<?xml version="1.0" encoding="UTF-8"?>
<collection xmlns="http://www.loc.gov/MARC21/slim">
 <record>
  <leader>01661nam a2200205Ia 4500</leader>
  <controlfield tag="001">CTU_236097</controlfield>
  <controlfield tag="008">210402s9999    xx            000 0 und d</controlfield>
  <datafield tag="082" ind1=" " ind2=" ">
   <subfield code="a">394.15</subfield>
  </datafield>
  <datafield tag="082" ind1=" " ind2=" ">
   <subfield code="b">M861</subfield>
  </datafield>
  <datafield tag="100" ind1=" " ind2=" ">
   <subfield code="a">Morishita, Noriko</subfield>
  </datafield>
  <datafield tag="245" ind1=" " ind2="0">
   <subfield code="a">Every day a good day :</subfield>
  </datafield>
  <datafield tag="245" ind1=" " ind2="0">
   <subfield code="b">Fifteen lessons I learned about happiness from Japanese tea culture = Nichinichi kore kōjitsu : ocha ga oshiete kureta 15 no shiawase</subfield>
  </datafield>
  <datafield tag="245" ind1=" " ind2="0">
   <subfield code="c">Noriko Morishita ; translated by Eleanor Goldsmith.</subfield>
  </datafield>
  <datafield tag="260" ind1=" " ind2=" ">
   <subfield code="a">Tokyo</subfield>
  </datafield>
  <datafield tag="260" ind1=" " ind2=" ">
   <subfield code="b">Japan Publishing Industry Foundation for Culture</subfield>
  </datafield>
  <datafield tag="260" ind1=" " ind2=" ">
   <subfield code="c">2019</subfield>
  </datafield>
  <datafield tag="520" ind1=" " ind2=" ">
   <subfield code="a">Reporter and essayist Morishita Noriko reflects on twenty-five years of studying the Japanese Way of Tea, from her first uncertain steps as a college student to her gradual discovery of freedom within the very rules that once seemed to hold her back. As Morishita experiences the trials and triumphs of adult life, from job-hunting setbacks to lost love, from the struggle to build a career to the pain of losing a loved one, Tea is always there to remind her that simply being present in the moment is enough. The joy of savoring the seasons with all five senses—of smelling the rain, of hearing each individual raindrop. The importance of cherishing each meeting as a once-in-a-lifetime opportunity. Humor and heartbreak, despair and determination—in this memoir, Morishita vividly connects the Way of Tea to the full span of human experience, culminating in the exhilaration of realizing “I’m alive,</subfield>
  </datafield>
  <datafield tag="650" ind1=" " ind2=" ">
   <subfield code="a">Japanese tea ceremony.,Trà đạo Nhật Bản.,Trà</subfield>
  </datafield>
  <datafield tag="904" ind1=" " ind2=" ">
   <subfield code="i">Kim Tuyến</subfield>
  </datafield>
  <datafield tag="980" ind1=" " ind2=" ">
   <subfield code="a">Trung tâm Học liệu Trường Đại học Cần Thơ</subfield>
  </datafield>
 </record>
</collection>
